| 000 | 00655nam a22001577a 4500 | ||
|---|---|---|---|
| 003 | OSt | ||
| 005 | 20151120152628.0 | ||
| 008 | 151120b xxu||||| |||| 00| 0 eng d | ||
| 040 | _cRUA | ||
| 082 | _aFIS ងួន 1995 B159 Or.1 | ||
| 100 |
_93968 _aងួន ម៉េង |
||
| 245 | _aStudies of fish production from trapping poud system in kampong rou district, svay reing province, សិក្សាពីផលិតផលត្រីប្រព័ន្ធបៀរ នៅស្រុកកំពង់រោទ៍ ខេត្តស្វាយរៀង, | ||
| 260 |
_aPhnom Penh _bRUA _c1995 |
||
| 300 |
_a69. _bill. _c29cm. |
||
| 942 |
_2ddc _cFIS |
||
| 999 |
_c3689 _d3689 |
||